MARC details
| 000 -LEADER |
| campo de control de longitud fija |
01522nas a2200373 i 4500 |
| 001 - NÚMERO DE CONTROL |
| campo de control |
1212 |
| 003 - IDENTIFICADOR DE NÚMERO DE CONTROL |
| campo de control |
ES-MaACL |
| 005 - FECHA Y HORA DE LA ÚLTIMA TRANSACCIÓN |
| campo de control |
20250803064708.0 |
| 008 - DATOS DE LONGITUD FIJA--INFORMACIÓN GENERAL |
| campo de control de longitud fija |
950801d18671936sp d|yne | 1 ||pa d |
| 022 ## - NÚMERO INTERNACIONAL NORMALIZADO PARA PUBLICACIONES SERIADAS |
| Número Internacional Normalizado para Publicaciones Seriadas |
2171-0244 |
| 022 ## - NÚMERO INTERNACIONAL NORMALIZADO PARA PUBLICACIONES SERIADAS |
| Número Internacional Normalizado para Publicaciones Seriadas |
2487-2105 |
| 080 ## - NÚMERO DE LA CLASIFICACIÓN DECIMAL UNIVERSAL |
| Número de la Clasificación Decimal Universal |
(054) |
| 245 03 - MENCIÓN DEL TÍTULO |
| Título |
El Imparcial : |
| Resto del título |
diario político de la tarde. |
| 246 3# - FORMA VARIANTE DEL TITULO |
| Título propio/Titulo breve |
El Imparcial (Madrid. 1867) |
| 246 33 - FORMA VARIANTE DEL TITULO |
| Título propio/Titulo breve |
El Imparcial (Madrid. 1977) |
| 246 3# - FORMA VARIANTE DEL TITULO |
| Título propio/Titulo breve |
El Imparcial : |
| Resto del título |
diario libre e independiente |
| 260 ## - PUBLICACIÓN, DISTRIBUCIÓN, ETC. |
| Lugar de publicación, distribución, etc. |
Madrid : |
| Nombre del editor, distribuidor, etc. |
El imparcial, |
| Fecha de publicación, distribución, etc. |
1867-1980. |
| 300 ## - DESCRIPCIÓN FÍSICA |
| Extensión |
170 v. ; |
| Dimensiones |
51, 63 , 57 y 38 cm. |
| 310 ## - PERIODICIDAD ACTUAL |
| Periodicidad actual |
Diaria |
| 362 1# - FECHAS DE PUBLICACIÓN Y/O DESIGNACIÓN SECUENCIAL |
| Fecha de publicación y/o designación secuencial |
N. 1 (16 marzo 1867)-[1936?] ; 2. época, n. 1 (11 dic. 1977)-n. 933 (11 dic. 1980) |
| 500 ## - NOTA GENERAL |
| Nota general |
Fundador: Eduardo Gasset y Artime |
| 530 ## - NOTA DISPONIBLE DE FORMULARIO FÍSICO ADICIONAL |
| Nota de formato físico adicional disponible |
Disponible en formato digital de 1867 a 1933. |
| 555 8# - NOTA DE ÍNDICE ACUMULATIVO U OTROS INSTRUMENTOS BIBLIOGRÁFICOS |
| Nota de índice acumulativo u otros instrumentos bibliográficos |
Índice de escritores en: Veinticuatro diarios, Madrid 1830-1900. Madrid: CSIC, Instituto Miguel de Cervantes, 1968. |
| 580 ## - NOTA DE RELACIÓN COMPLEJA |
| Nota de relación compleja |
En julio de 1932 se publican "El Popular" y "El Mundo", que sustituyen a esta publicación, suspendida por motivos políticos. |
| 650 #4 - PUNTO DE ACCESO ADICIONAL DE MATERIA--TÉRMINO DE MATERIA |
| Término de materia o nombre geográfico como elemento de entrada |
Periódicos |
| 9 (RLIN) |
15941 |
| 700 1# - ENTRADA AGREGADA--NOMBRE PERSONAL |
| Nombre de persona |
Gasset y Artime, Eduardo, |
| Fechas asociadas al nombre |
1832-1884 |
| 9 (RLIN) |
163507 |
| 740 00 - ENTRADA AGREGADA--TÍTULO RELACIONADO/ANALÍTICO NO CONTROLADO |
| Título relacionado o analítico no controlado |
Almanaque de El Imparcial para |
| 740 04 - ENTRADA AGREGADA--TÍTULO RELACIONADO/ANALÍTICO NO CONTROLADO |
| Título relacionado o analítico no controlado |
Los Lunes de El Imparcial |
| 852 4# - LOCALIZACIÓN |
| Ubicación |
ES-MaACL |
| Número de control de estantería |
HEM-GF-15 |
| Signatura antigua |
Olim: Hem-1621 |
| 856 4# - LOCALIZACIÓN Y ACCESO ELECTRÓNICOS |
| Identificador Uniforme de Recursos |
<a href="http://hemerotecadigital.bne.es/issn/2171-0244 ">http://hemerotecadigital.bne.es/issn/2171-0244 </a> |
| Nota pública |
Hemeroteca Digital |
| -- |
(1867-1933) |
| 866 #0 - MENCIÓN TEXTUAL DE FONDOS--UNIDAD BIBLIOGRÁFICA BÁSICA |
| Fondos |
1885-1930. 1977-1980 |
| 942 ## - ELEMENTOS DE ENTRADA SECUNDARIOS (KOHA) |
| Fuente del sistema de clasificación o colocación |
Clasificación decimal universal |
| Tipo de ítem Koha |
Periódico |